| 000 | 00611nam a2200205Ia 4500 | ||
|---|---|---|---|
| 003 | OSt | ||
| 005 | 20230607101236.0 | ||
| 008 | 210423s2003 xx 000 0 und d | ||
| 040 | _cAL | ||
| 041 | _aeng | ||
| 082 |
_223 _a361.3 REIS |
||
| 100 |
_aREIEHERT (Elisageth) _9121112 |
||
| 245 | _aSocial work and human rights: a foundation for policy and practice | ||
| 260 |
_bRawat Publications _c2003 |
||
| 365 |
_b650 _cINR |
||
| 650 |
_aSocial Problems & Services _9121113 |
||
| 650 |
_aSocial Work _9121114 |
||
| 906 | _afoundation ; human ; policy ; practice ; rights: ; Social ; work | ||
| 942 |
_2ddc _cBK |
||
| 999 |
_c173839 _d173839 |
||